Giáo trình lý thuyết chuyên môn tiện : Chuyên ngành khai thác và sửa chữa thiết bị cơ khí (Dùng trong các trường THCN)
Cung cấp những kiến thức cơ bản của chuyên môn tiện như: dao tiện; chế độ cắt, một số cách tiện loại mặt trụ, mặt đầu, rãnh; gia công mặt trục trong; gia công ren và cơ sở lý luận của cắt gọt kim loại và gia công bằng máy tiện điều kh...
Sparad:
| Huvudupphovsman: | |
|---|---|
| Materialtyp: | Bok |
| Språk: | Undetermined |
| Publicerad: |
Hà Nội
Nhà xuất bản Hà Nội
2007
|
| Ämnen: | |
| Taggar: |
Lägg till en tagg
Inga taggar, Lägg till första taggen!
|
| Thư viện lưu trữ: | Trung tâm Học liệu Trường Đại học Cần Thơ |
|---|
| LEADER | 01138nam a2200217Ia 4500 | ||
|---|---|---|---|
| 001 | CTU_142768 | ||
| 008 | 210402s9999 xx 000 0 und d | ||
| 020 | |c 21000 | ||
| 082 | |a 671.53 | ||
| 082 | |b H502 | ||
| 100 | |a Trần, Đình Huấn | ||
| 245 | 0 | |a Giáo trình lý thuyết chuyên môn tiện : | |
| 245 | 0 | |b Chuyên ngành khai thác và sửa chữa thiết bị cơ khí (Dùng trong các trường THCN) | |
| 245 | 0 | |c Trần Đình Huấn | |
| 260 | |a Hà Nội | ||
| 260 | |b Nhà xuất bản Hà Nội | ||
| 260 | |c 2007 | ||
| 520 | |a Cung cấp những kiến thức cơ bản của chuyên môn tiện như: dao tiện; chế độ cắt, một số cách tiện loại mặt trụ, mặt đầu, rãnh; gia công mặt trục trong; gia công ren và cơ sở lý luận của cắt gọt kim loại và gia công bằng máy tiện điều khiển chương trình số CNC | ||
| 650 | |a Metal-cutting,Cắt kim loại | ||
| 904 | |i Nguyên | ||
| 980 | |a Trung tâm Học liệu Trường Đại học Cần Thơ | ||